| LEADER |
01069nam0a2200193 450 |
| 001 |
16834561 |
| 010 |
|
|
|a 978-2-0814-8609-6
|b br.
|d 18
|
| 100 |
|
|
|a 20200225d2020 u u0frey01 ba
|
| 101 |
0 |
|
|a fre
|
| 102 |
|
|
|a FR
|
| 200 |
0 |
|
|a service des manuscrits (Le)
|e roman
|f Antoine Laurain
|
| 207 |
|
1 |
|a
|
| 210 |
|
|
|a [Paris]
|c éd. Flammarion
|d 2020
|
| 215 |
|
|
|a 1 vol. (214 p.)
|d 21 cm
|
| 330 |
|
|
|a La 4e de couverture indique : 'Violaine Lepage est, à 44 ans, l'une des plus célèbres éditrices de Paris. Elle sort à peine du coma après un accident d'avion, et la publication d'un roman arrivé au service des manuscrits, Les Fleurs de sucre, dont l'auteur demeure introuvable, donne un autre tour à son destin. Particulièrement lorsqu'il termine en sélection finale du prix Goncourt et que des meurtres similaires à ceux du livre se produisent dans la réalité.'
|
| 700 |
|
0 |
|a Laurain
|b Antoine
|c romancier
|f 1979-....
|4 70
|
| 900 |
|
|
|a Roman
|
| 901 |
|
|
|a Accessible au prêt
|
| 995 |
|
|
|a Bibliothèque
|c Bibliothèque
|f 024020645
|h 024020645
|k R LAU
|o p
|q a
|r az
|e Bibliothèque
|